Klasická matematická logika

Uložené v:
Podrobná bibliografia
Hlavný autor: Sochor, Antonín
Médium: Kniha
Jazyk:Czech
Vydavateľské údaje: Praha Karolinum 2001
Predmet:
Tagy: Pridať tag
Žiadne tagy, Buďte prvý, kto otaguje tento záznam!

MARC

LEADER 00000nam a2200000 4500
001 c131489
005 20221124104619.8
020 |a 80-246-0218-0 
041 0 |a cze 
044 |a CZ 
245 1 0 |a Klasická matematická logika  |c Antonín Sochor 
264 1 |a Praha  |b Karolinum  |c 2001 
300 |a 402 s. 
610 2 0 |a logika matematická 
610 2 0 |a matematika 
610 2 0 |a teória modelov ekonomicko-matematických 
610 2 0 |a modely matematické 
610 2 0 |a modely matematicko-logické 
100 1 |a Sochor, Antonín